Paleontology General Trivia #1 - Statistics

General Stats
  • This quiz has been taken 189 times
  • The average score is 7 of 30
Answer Stats
Hint Answer % Correct
What is the genus name of the Saber Toothed Tiger? Smilodon
90%
Which came first, dinosaurs or snakes? Dinosaurs
64%
Is Ankylosaurus magniventris technically bulletproof? No
61%
Is Dimetrodon closer related to Tyrannosaurus or humans? Humans
50%
Yutyrannus is the largest theropod to have these. Feathers
40%
Is Helicoprion a shark? No
40%
Scientists are currently trying to bring back this keystone species of the Mammoth Steppe. Woolly Mammoth
36%
What time period did Procompsognathus live in? Triassic
33%
What city in China is Chungkingosaurus named after? Chongqing
28%
Many depictions of Brachiosaurus, such as that in Jurassic Park, are retroactively based on this genus. Giraffatitan
27%
How many dinosaur fossils have been found in Pennsylvania? 0
25%
This was the first pterosaur ever discovered, and as such had been wrongly interpreted as a bat or even an aquatic animal. Pterodactylus
25%
What is the above’s closest living relative? Clouded Leopard
21%
Name the dinosaur whose name means “near crested lizard” Parasaurolophus
20%
Which paleontologist named Tyrannosaurus rex? Barnum Brown
15%
Give the third dinosaur to be named. Hylaeosaurus
15%
Buitreraptor fed on what? Insects
14%
What did the plesiosaur Aristonectes eat? Krill
14%
Archaeopteryx has a common name. What is it? Urvogel
14%
What is Troodon’s current status? Nomen dubium
13%
About how long was a fully grown Tyrannosaurus in feet? 40 ft
11%
Give the species name for the above. antiquus
11%
How were the Coelophysis in Ghost Ranch believed to have died? A flood.
9%
The tree-like Lepidodendron is closer related to what? Moss
8%
Psephoderma was not a turtle but one of these. Placodonts
8%
Where were Dilophosaurus’ fossils found? Kayenta Formation
7%
Many pterosaurs such as Tapejara, and the spinosaur Irritator, were found in this Brazilian formation. Romualdo Formation
7%
This pterosaur’s species name comes from the director of the first two Jurassic Park films. Maaradactylus
6%
This extinct Ailurid is also known as Bristol’s Panda. Pristinailurus
6%
Speaking of common names, whose common name is the True-Star Ammonite? Asteroceras stellare
5%
No matching quizzes found
Score Distribution
Percent of People with Each Score
Percentile by Number Answered
Your Score History
You have not taken this quiz